000 00307nam a22001337a 4500
008 170811b xxu||||| |||| 00| 0 eng d
020 _a9780558384425
041 _aeng
080 _22ND
_a51
100 _a36
101 _aMAT
245 _aEXURSIONS IN MODERN MATHEMATICS
_cTANNENBAUM,P
942 _2udc
_cBK
999 _c23210
_d23210